| 000 | 01427nam a22003497i 4500 | ||
|---|---|---|---|
| 003 | EG-ScBUE | ||
| 005 | 20220727112733.0 | ||
| 008 | 200219s2021 ua o f 000 0ceng d | ||
| 020 | _a9789779132822 | ||
| 040 |
_aEG-ScBUE _beng _erda _cEG-ScBUE _dEG-ScBUE |
||
| 041 | 1 |
_aeng _hara |
|
| 043 | _af-ua--- | ||
| 082 | 0 | 4 |
_222 _a932.0210922 _bELD |
| 100 | 1 |
_aEldamaty, Mamdouh Mohamed, _eauthor. |
|
| 240 | 1 | 0 |
_aنساء على عرش مصر. _lEnglish |
| 245 | 1 | 0 |
_aQueens on the throne of Egypt / _cprofessor Mamdouh Muhammad Eldamati, Faculty of Antiquities, Ain Shams University ; introduced by professor Muhammad Mukhtar Jumaa, Minister of Awqaf ; translated by Dr. Muhammad Fawzy Abdelhay, assistant professor of Islamic studies, Al-Azhar University. |
| 250 | _aFirst edition. | ||
| 264 | 1 |
_aCairo : _bEgyptian General Book, _c2021. |
|
| 300 |
_a169 pages : _bphotographs ; _c18 cm |
||
| 336 |
_2rdacontent _atext _btxt |
||
| 337 |
_2rdamedia _aunmediated _bn |
||
| 338 |
_2rdacarrier _avolume _bnc |
||
| 546 | _aText in English ; translated from the original Arabic. | ||
| 650 | 7 |
_aQueens _zEgypt _vBiography. _2BUEsh |
|
| 650 | 7 |
_aQueens _zEgypt _xHistory. _2BUEsh |
|
| 653 |
_bGGEN _cJuly2022 |
||
| 655 |
_vReading book _934232 |
||
| 700 | 1 |
_aJumʻah, Muḥammad Mukhtār, _eauthor of introduction, etc. |
|
| 700 | 1 |
_aAbdalla, M. M. F., _etranslator. |
|
| 942 |
_2ddc _cBB |
||
| 999 |
_c29906 _d29877 |
||